MARC

LEADER 00000nam0a2200000 4500
001 165174
005 20231101222531.0
035 |a (RuTPU)RU\TPU\book\179185 
090 |a 165174 
100 |a 20090915d1982 k y0rusy50 ca 
101 0 |a rus 
102 |a RU 
105 |a y z 001zy 
200 1 |a  Аспекты общей и частной лингвистической теории текста  |f Академия наук СССР (АН СССР), Институт научной информации по общественным наукам (ИНИОН) ; Академия наук СССР (АН СССР), Институт языкознания (ИЯ) 
210 |a Москва  |c Наука  |d  1982 
215 |a 192 с. 
320 |a Библиогр.: с. 179-191. 
606 |a Текст  |x Лингвистика  |2 stltpush  |3 (RuTPU)RU\TPU\subj\58745  |9 76497 
610 1 |a лингвистика 
610 1 |a тексты 
610 1 |a изучение 
610 1 |a история 
610 1 |a речь 
610 1 |a топонимы 
610 1 |a риторика 
686 |a Ш09  |v LBC/SL-A  |2 rubbk 
712 0 2 |a Академия наук СССР (АН СССР)  |b Институт научной информации по общественным наукам (ИНИОН)  |c (Москва)  |2 stltpush  |3 (RuTPU)RU\TPU\col\11360 
712 0 2 |a Академия наук СССР (АН СССР)  |b Институт языкознания (ИЯ)  |c (Москва)  |2 stltpush  |3 (RuTPU)RU\TPU\col\11714 
801 1 |a RU  |b 63413507  |c 20090915 
801 2 |a RU  |b 63413507  |c 20180209  |g RCR 
942 |c BK